The psychoeducational use and interpretation of the Wechsler adult intelligence scale-revised /

Bibliographic Details
Main Author: Sprandel, Hazel Z., 1922-
Format: Book
Language:English
Published: Springfield, Ill., U.S.A. : C.C. Thomas, 1995.
Edition:2nd ed.
Subjects:

MARC

Tag First Indicator Second Indicator Subfields
LEADER 00000cam a2200000 a 4500
001 in00001243613
005 20151003071017.0
008 950223s1995 ilu b 001 0 eng c
010 |a  95006679  
020 |a 0398065195 (cloth) 
020 |a 0398065209 (paper) 
035 |a (OCoLC)32169223 
035 |9 AGT3362AM 
040 |a DNLM/DLC  |c DLC  |d NLM  |d IAI  |d TXA  |d UtOrBLW 
049 |a TXAM 
050 0 0 |a BF432.5.W4  |b S67 1995 
060 1 0 |a BF 432.5.W4  |b S767p 1995 
069 0 |a 9503861 
082 0 0 |a 153.9/33  |2 20 
100 1 |a Sprandel, Hazel Z.,  |d 1922- 
245 1 4 |a The psychoeducational use and interpretation of the Wechsler adult intelligence scale-revised /  |c by Hazel Z. Sprandel. 
250 |a 2nd ed. 
264 1 |a Springfield, Ill., U.S.A. :  |b C.C. Thomas,  |c 1995. 
300 |a ix, 228 pages ;  |c 27 cm. 
336 |a text  |b txt  |2 rdacontent 
337 |a unmediated  |b n  |2 rdamedia 
338 |a volume  |b nc  |2 rdacarrier 
504 |a Includes bibliographical references (pages 209-219) and indexes. 
650 0 |a Wechsler Adult Intelligence Scale. 
650 1 2 |a Wechsler Scales. 
999 |a MARS 
999 f f |s 6a13f3a5-48b6-397b-a012-f883bcd1b8bd  |i 4e132c24-6554-36d8-a034-147f3f368778  |t 0 
952 f f |p ric  |a Texas A&M University  |b Rellis Campus  |c Joint Library Facility  |d Remote Storage  |t 0  |e BF432.5.W4 S67 1995  |h Library of Congress classification  |i unmediated -- volume  |m A14819723010 
998 f f |a BF432.5.W4 S67 1995  |t 0  |l Remote Storage